000 00672nam a2200241Ia 4500
001 Z_38
003 CHAP
005 20220920193849.0
008 220113s1987 xx 000 0 und d
010 _a163004
040 _cCHAP
090 _aFolleto 178
100 _aGroupement National Inteprofessionnel des Semences et Plants. París
_9137228
245 _aLa gramimée fourragére qui résiste bien a la secheresse: le dactyle /
_cpar GNIS
260 _aParis :
_bLe Groupement,
_c1987
300 _a8 p.
650 _aDactylis glomerata
_930865
901 _aFolleto 178
902 _aA
910 _a1987
942 _cFOLL
_2local
942 _cFOLL
_2local
999 _c163004
_d163004